El Correo (Record no. 725)

MARC details
000 -LEADER
campo de control de longitud fija 00786nas a22002651i#4500
001 - NÚMERO DE CONTROL
campo de control 725
003 - IDENTIFICADOR DE NÚMERO DE CONTROL
campo de control ES-MaACL
005 - FECHA Y HORA DE LA ÚLTIMA TRANSACCIÓN
campo de control 20250718150753.0
007 - CAMPO FIJO DE DESCRIPCIÓN FÍSICA--INFORMACIÓN GENERAL
campo de control de longitud fija t|
008 - DATOS DE LONGITUD FIJA--INFORMACIÓN GENERAL
campo de control de longitud fija 950801d18291833sp i| | 1 ||pa d
022 ## - NÚMERO INTERNACIONAL NORMALIZADO PARA PUBLICACIONES SERIADAS
Número Internacional Normalizado para Publicaciones Seriadas 2171-7125
080 ## - NÚMERO DE LA CLASIFICACIÓN DECIMAL UNIVERSAL
Número de la Clasificación Decimal Universal (054)
245 03 - MENCIÓN DEL TÍTULO
Título El Correo
Resto del título : periódico literario y mercantil.
260 ## - PUBLICACIÓN, DISTRIBUCIÓN, ETC.
Lugar de publicación, distribución, etc. Madrid :
Nombre del editor, distribuidor, etc. El Correo,
Fecha de publicación, distribución, etc. 1829-1833 (
Fabricante Imp. Pedro Ximénez de Haro)
300 ## - DESCRIPCIÓN FÍSICA
Extensión 3 v. ;
Dimensiones 36 cm.
310 ## - PERIODICIDAD ACTUAL
Periodicidad actual 3 n. a la semana
362 0# - FECHAS DE PUBLICACIÓN Y/O DESIGNACIÓN SECUENCIAL
Fecha de publicación y/o designación secuencial Comenzó con: n. 75 (en. 1829) -n. 840 (3 nov. 1833)
500 ## - NOTA GENERAL
Nota general Variaciones en el subtítulo.
650 14 - PUNTO DE ACCESO ADICIONAL DE MATERIA--TÉRMINO DE MATERIA
Término de materia o nombre geográfico como elemento de entrada Periódicos
9 (RLIN) 15941
780 00 - ENLACE A UN TÍTULO/ENTRADA ANTERIOR
Título El Correo literario y mercantil
852 ## - LOCALIZACIÓN
Ubicación ES-MaACL
Número de control de estantería R-2550-52
Signatura antigua Olim: G-1930-32
866 #0 - MENCIÓN TEXTUAL DE FONDOS--UNIDAD BIBLIOGRÁFICA BÁSICA
Fondos 1831-33
942 ## - ELEMENTOS DE ENTRADA SECUNDARIOS (KOHA)
Fuente del sistema de clasificación o colocación Clasificación decimal universal
Tipo de ítem Koha Periódico
Holdings
Estatus retirado Estado de pérdida Fuente del sistema de clasificación o colocación Estado de daño No para préstamo Colección Biblioteca de origen Biblioteca actual Ubicación en estantería Fecha de adquisición Total de préstamos Signatura topográfica completa Código de barras Visto por última vez Precio de reemplazo Tipo de ítem Koha
    Clasificación decimal universal     Periódicos y Revistas Biblioteca del Ateneo de Madrid Biblioteca del Ateneo de Madrid Depósito 17/01/2008   R-2550-52 1000739 23/02/2023 23/02/2023 Periódico